Poradenství pro podnikatele a manažery Zásady a skušenosti

Uložené v:
Podrobná bibliografia
Hlavný autor: Kubr, Milan
Médium: Kniha
Jazyk:Czech
Vydavateľské údaje: Praha Capa 1991
Vydanie:2. revid. vyd.
Predmet:
Tagy: Pridať tag
Žiadne tagy, Buďte prvý, kto otaguje tento záznam!

MARC

LEADER 00000nam a2200000 4500
001 c000274
005 20221214094553.8
020 |a 80-7064-036-7 
041 0 |a cze 
044 |a CZ 
245 1 0 |a Poradenství pro podnikatele a manažery  |b Zásady a skušenosti  |c Milan Kubr a kol. 
250 |a 2. revid. vyd. 
264 1 |a Praha  |b Capa  |c 1991 
300 |a 365 s. 
610 2 0 |a poradenstvo 
610 2 0 |a riadenie 
610 2 0 |a poradcovia 
100 1 |a Kubr, Milan